[Event "Wch U16"]
[Site "Oropesa del Mar"]
[Date "1999.11.01"]
[Round "8"]
[White "Wirig, Anthony"]
[Black "Harris, Costas"]
[Result "1-0"]
[WhiteElo "2250"]
[BlackElo "2065"]
[PlyCount "89"]
[EventDate "1999.10.24"]
[EventType "swiss"]
[EventRounds "11"]
[EventCountry "ESP"]
[SourceTitle "CBM 072 Extra"]
[Source "ChessBase"]
[SourceDate "1999.11.18"]
[SourceVersion "1"]
[SourceVersionDate "1999.11.18"]
[SourceQuality "1"]

1. e4 e6 2. Nf3 d5 3. e5 c5 4. b4 cxb4 5. d4 Nc6 6. a3 Qa5 7. Bd3 b3+ 8. c3 Qb6 9. Bb2 Bd7 10. Nbd2 Na5 11. c4 dxc4 12. Nxc4 Nxc4 13. Bxc4 Bb5 14. Rc1 Bc6 15. 0-0 Ne7 16. Ng5 g6 17. Qg4 Bh6 18. Rfd1 Bd5 19. h4 Bxg5 20. Qxg5 Bxc4 21. Qf6 Rg8 22. Rxc4 Nd5 23. Qf3 Qa6 24. Qxb3 Kd7 25. Rc5 g5 26. Qf3 Ke7 27. Rdc1 Qb6 28. Bc3 a5 29. a4 g4 30. Qd3 Rgc8 31. Bxa5 Rxc5 32. Bxb6 Rxc1+ 33. Kh2 g3+ 34. fxg3 Rxa4 35. Bc5+ Kd8 36. Qxh7 Raa1 37. Qg8+ Kd7 38. Qxf7+ Kd8 39. Qf8+ Kc7 40. Qd6+ Kc8 41. Qxe6+ Kc7 42. Bd6+ Kd8 43. g4 Nc7 44. Qe7+ Kc8 45. Bxc7 1-0

[Event "Wch U16"]
[Site "Oropesa del Mar"]
[Date "1999.10.27"]
[Round "4"]
[White "Harris, Costas"]
[Black "Szeberenyi, Adam"]
[Result "1/2-1/2"]
[WhiteElo "2065"]
[BlackElo "2357"]
[PlyCount "69"]
[EventDate "1999.10.24"]
[EventType "swiss"]
[EventRounds "11"]
[EventCountry "ESP"]
[SourceTitle "CBM 072 Extra"]
[Source "ChessBase"]
[SourceDate "1999.11.18"]
[SourceVersion "1"]
[SourceVersionDate "1999.11.18"]
[SourceQuality "1"]

1. e4 c5 2. d3 Nc6 3. g3 g6 4. Bg2 Bg7 5. c3 e6 6. Nf3 d6 7. 0-0 Nge7 8. Be3 0-0 9. Na3 b6 10. Nc2 Bb7 11. d4 cxd4 12. Nfxd4 Ne5 13. Qe2 Qc8 14. a4 Nc4 15. Bg5 Re8 16. Ne3 Nxe3 17. Qxe3 Nc6 18. Nb5 Bf8 19. Rad1 Ne5 20. Qf4 Qc6 21. Bh6 Bxh6 22. Qxh6 Red8 23. Qf4 Ba6 24. c4 Bxb5 25. cxb5 Qc2 26. Rd4 Qxb2 27. Rfd1 Rac8 28. h4 Qa3 29. h5 gxh5 30. Qg5+ Ng6 31. f4 Qe3+ 32. Kh1 h4 33. R4d3 Qe2 34. R3d2 Qe3 35. Rd3 1/2-1/2

[Event "BCF-ch 86th"]
[Site "Scarborough"]
[Date "1999.08.05"]
[Round "5"]
[White "Harris, Costas"]
[Black "Barton, R Alan"]
[Result "1-0"]
[WhiteElo "2065"]
[BlackElo "2149"]
[PlyCount "77"]
[EventDate "1999.08.05"]
[EventType "swiss"]
[EventRounds "11"]
[EventCountry "ENG"]
[SourceTitle "CBM 071 Extra"]
[Source "ChessBase"]
[SourceDate "1999.09.14"]
[SourceVersion "1"]
[SourceVersionDate "1999.09.14"]
[SourceQuality "1"]

1. Nf3 b6 2. g3 Bb7 3. Bg2 e6 4. d3 f5 5. 0-0 Nf6 6. c4 Be7 7. Nc3 0-0 8. Qc2 Qe8 9. Nb5 Na6 10. a3 c6 11. Nc3 d6 12. Nd4 Nc7 13. Ncb5 cxb5 14. Bxb7 Rb8 15. Bc6 Qh5 16. Bg2 Rf7 17. cxb5 Bf8 18. Nc6 Ra8 19. a4 g5 20. f4 gxf4 21. Rxf4 e5 22. Rh4 Qg6 23. e4 fxe4 24. dxe4 Ne6 25. Bh3 Ng5 26. Bxg5 Qxg5 27. Be6 Qe3+ 28. Kh1 Bh6 29. Qb3 d5 30. Qxe3 Bxe3 31. Nxe5 Kg7 32. Nxf7 dxe4 33. Nd6 Bg5 34. Rh3 e3 35. g4 Rd8 36. Nf5+ Kf8 37. Re1 Nxg4 38. Rxh7 Rd2 39. Rh8# 1-0

[Event "BCF-ch 86th"]
[Site "Scarborough"]
[Date "1999.08.01"]
[Round "1"]
[White "Harris, Costas"]
[Black "Dearing, Eddie"]
[Result "0-1"]
[WhiteElo "2065"]
[BlackElo "2295"]
[PlyCount "76"]
[EventDate "1999.08.05"]
[EventType "swiss"]
[EventRounds "11"]
[EventCountry "ENG"]
[SourceTitle "CBM 071 Extra"]
[Source "ChessBase"]
[SourceDate "1999.09.14"]
[SourceVersion "1"]
[SourceVersionDate "1999.09.14"]
[SourceQuality "1"]

1. e4 e6 2. d3 d5 3. Nd2 Nf6 4. g3 Be7 5. Bg2 0-0 6. Ngf3 c5 7. 0-0 Nc6 8. Re1 b5 9. e5 Nd7 10. Nf1 a5 11. h4 b4 12. N1h2 a4 13. a3 Ba6 14. Bf4 Qb6 15. Ng5 Nd4 16. axb4 cxb4 17. c3 bxc3 18. bxc3 Nb3 19. Rxa4 Qb5 20. Rxa6 Rxa6 21. c4 dxc4 22. dxc4 Qb4 23. Rf1 Ndc5 24. Qh5 Bxg5 25. hxg5 Qxc4 26. Ng4 Qd3 27. Be3 Rc8 28. Qh4 Ra4 29. Bxc5 Nxc5 30. Rc1 Qd2 31. Rxc5 Qd1+ 32. Kh2 Rxc5 33. g6 hxg6 34. Qe7 Rc8 35. Bb7 Rb8 36. Ne3 Qh5+ 37. Kg2 Ra1 38. Nf1 Ra7 0-1

[Event "BCF-chT 9899 (4NCL)"]
[Site "England"]
[Date "1999.05.01"]
[Round "9.7"]
[White "Harris, Costas"]
[Black "Regan, Natasha"]
[Result "1/2-1/2"]
[WhiteElo "2065"]
[BlackElo "2151"]
[PlyCount "61"]
[EventDate "1998.10.??"]
[EventType "team"]
[EventRounds "11"]
[EventCountry "ENG"]
[SourceTitle "EXT 2000"]
[Source "ChessBase"]
[SourceDate "1999.11.16"]
[SourceVersion "1"]
[SourceVersionDate "1999.11.16"]
[SourceQuality "1"]
[WhiteTeam "HH"]
[BlackTeam "BIG"]
[WhiteTeamCountry "ENG"]
[BlackTeamCountry "ENG"]

1. e4 Nf6 2. e5 Nd5 3. c4 Nb6 4. d4 d6 5. exd6 exd6 6. Nc3 Be7 7. Be2 0-0 8. Nf3 Re8 9. 0-0 Bf6 10. Be3 Bf5 11. Rc1 Nc6 12. Qd2 d5 13. cxd5 Nb4 14. d6 c6 15. Bf4 N4d5 16. Nxd5 Nxd5 17. Be5 Bg4 18. Rc5 Nb6 19. Qf4 Bxe5 20. Rxe5 Be6 21. Bd3 Nd7 22. Rg5 Qf6 23. Qe4 Nf8 24. Qe5 Qxe5 25. dxe5 Bxa2 26. Re1 Nd7 27. Re2 Bd5 28. Bf5 Rad8 29. Bxd7 Rxd7 30. Nd4 h6 31. Rg3 1/2-1/2